1747 1736 1607 1886 1779 1486 1982 1226 1230 1023 1842 1067 1984 1415 1424 1160 1223 1890 1057 1059 1326 1757 1277 1102 1433 1467 1200 1881 1455 1952 1296 1049 1008 1351 1715 1904 1955 1348 1642 1740 1576 1350 1742 1960 1526 1075 1022 1343 1064 1096 1104 1819 1660 1292 1618 1377 1238 1970 1958 1176 1839 1307 1377 1892 1344 1219 1989 1508 1205 1950 1831 1017 1054 1049 1915 1496 1477 1616 1453 1295 1496 1245 1553 1133 1552 1582 1410 1453 1586 1476 1728 1255 1775 1058 1378 1024 1869 1359 1022 BCNSPRNW ULIB Ver.6.0+V

เปลี่ยนเป็นภาษาไทย

Change to English
 แสดงรายละเอียดบรรณานุกรม
  กลับหน้าหลัก

Brief Record : Get Marc (ISO 2709) : E-mail record : QR code < ปิดหน้าต่าง
LEADER : 00000nas 2200000uu 4500
001    13399114172
003     ULIB
008    120228s||||||||th 000 0 tha d
022    ^a22290737
110    ^aเวชศาสตร์ป้องกันแห่งประเทศไทย
245    ^aวารสารสมาคมเวชศาสตร์ป้องกันแห่งประเทศไทย (วิทยาเขตนครสวรรค์)/^cเวชศาสตร์ป้องกันแห่งประเทศไทย
260    ^aพระนครศรีอยุธยา :^bห้องสมุดโรงพยาบาลพระนครศรีอยุธยา,^cม.ป.ป.
310    ^aรายสี่เดือน
850 ^a ULIB:campus^bปีที่ 2 ฉบับที่ 2 ;ปีที่ 2 ฉบับที่ 3 ;ปีที่ 3 ฉบับที่ 2 ;ปีที่ 5 ฉบับที่ 1 ฉ.1 ;ปีที่ 5 ฉบับที่ 2 ฉ.1 ;ปีที่ 7 ฉบับที่ 1 ฉ.1 ;ปีที่ 5 ฉบับที่ 2 ฉ.1 ;ปีที่ 6 ฉบับที่ 3 ฉ.1
945    ^p0^l0^i800068
945    ^p0^l0^i800111
945    ^p0^l0^i800373
945    ^p0^l0^i800490
945    ^p0^l0^i800714
945    ^p0^l0^i801498
945    ^p0^l0^i801499
945    ^p0^l0^i801976
945    ^p0^l0^i801977
945    ^p0^l0^i801978
999 ^a ใช้งานได้ทุกระบบ
รายการนี้ยังไม่มีแท็ก
คุณยังไม่ได้ล็อกอิน คุณสามารถมีกิจกรรมร่วมกับเว็บไซต์ได้ แต่ต้องล็อกอินก่อน ::
  ล็อกอิน

รายการสื่อสารสนเทศ (วารสาร)

ดูแบบ: กล่อง รายการ
ARRIVED
no call number
สถานที่: ห้องสมุดวิทยาเขตสวรรค์ประชารักษ์ >วารสาร
ARRIVED
ปีที่ 2 ฉบับที่ 2
สถานที่: ห้องสมุดวิทยาเขตสวรรค์ประชารักษ์ >วารสาร
ARRIVED
ปีที่ 2 ฉบับที่ 3
สถานที่: ห้องสมุดวิทยาเขตสวรรค์ประชารักษ์ >วารสาร
ARRIVED
ปีที่ 3 ฉบับที่ 2
สถานที่: ห้องสมุดวิทยาเขตนครสวรรค์ >วารสาร
ARRIVED
ปีที่ 5 ฉบับที่ 1 ฉ.1
สถานที่: ห้องสมุดวิทยาเขตนครสวรรค์ >วารสาร
ARRIVED
ปีที่ 5 ฉบับที่ 2 ฉ.1
สถานที่: ห้องสมุดวิทยาเขตนครสวรรค์ >วารสาร
ARRIVED
ปีที่ 7 ฉบับที่ 1 ฉ.1
สถานที่: ห้องสมุดวิทยาเขตนครสวรรค์ >วารสาร
ARRIVED
ปีที่ 6 ฉบับที่ 3 ฉ.1
สถานที่: ห้องสมุดวิทยาเขตนครสวรรค์ >วารสาร

BibComment


ยังไม่เคยถูกคอมเมนท์

คอมเมนท์ทรัพยากรรายการนี้
  คอมเมนท์: วารสารสมาคมเวชศา..


 Copyright 2026. Bcnsprnw @Library